[Event "Heraklio op"]
[Site "Heraklion"]
[Date "2008.08.27"]
[Round "6"]
[White "Georgantas, Antonios"]
[Black "Spirou, Eleftherios"]
[Result "1-0"]
[WhiteElo "1750"]
[BlackElo "1663"]
[PlyCount "85"]
[EventDate "2008.08.23"]
[EventType "swiss"]
[EventRounds "9"]
[EventCountry "GRE"]
[SourceTitle "CBM 126 Extra"]
[Source "ChessBase"]
[SourceDate "2008.11.05"]
[SourceVersion "1"]
[SourceVersionDate "2008.11.05"]
[SourceQuality "1"]

1. e4 c6 2. d4 d5 3. Nc3 dxe4 4. Nxe4 Bf5 5. Ng3 Bg6 6. h4 h6 7. Nf3 Nf6 8. h5 Bh7 9. Bd3 Bxd3 10. Qxd3 Qc7 11. Bd2 Nbd7 12. 0-0-0 0-0-0 13. c4 e6 14. Ne4 Nxe4 15. Qxe4 c5 16. Bc3 Be7 17. Kb1 Bf6 18. Rhe1 cxd4 19. Bxd4 Nc5 20. Qg4 Bxd4 21. Nxd4 Kb8 22. f4 Rhg8 23. g3 a6 24. b3 Qb6 25. f5 exf5 26. Qxf5 Rd7 27. Qe5+ Ka8 28. Nf5 f6 29. Qe3 Rgd8 30. Rxd7 Rxd7 31. Ne7 Qd6 32. Nd5 Rd8 33. Qe7 Qxe7 34. Rxe7 Rg8 35. Kc2 a5 36. Nf4 Kb8 37. Kc3 Kc8 38. Kd4 Kd8 39. Rf7 b6 40. Kd5 Nd7 41. Ne6+ Kc8 42. Rxg7 Re8 43. Rg6 1-0

[Event "Heraklio op"]
[Site "Heraklion"]
[Date "2008.08.26"]
[Round "5"]
[White "Spirou, Eleftherios"]
[Black "Maris, Ioannis"]
[Result "1/2-1/2"]
[WhiteElo "1663"]
[BlackElo "2133"]
[PlyCount "68"]
[EventDate "2008.08.23"]
[EventType "swiss"]
[EventRounds "9"]
[EventCountry "GRE"]
[SourceTitle "CBM 126 Extra"]
[Source "ChessBase"]
[SourceDate "2008.11.05"]
[SourceVersion "1"]
[SourceVersionDate "2008.11.05"]
[SourceQuality "1"]

1. e4 c5 2. c3 e6 3. d4 d5 4. e5 Nc6 5. Be3 Nge7 6. Nf3 Nf5 7. Qd2 cxd4 8. cxd4 Bd7 9. Be2 Rc8 10. 0-0 Qb6 11. g4 Nxe3 12. fxe3 Be7 13. Nc3 Na5 14. e4 Bc6 15. exd5 Bxd5 16. Nxd5 exd5 17. Rac1 Rxc1 18. Rxc1 0-0 19. h4 Nc6 20. g5 Re8 21. h5 Bf8 22. Kh1 Nd8 23. Bd3 Qe6 24. Qg2 Kh8 25. g6 h6 26. gxf7 Nxf7 27. Bg6 Re7 28. Nh4 Kg8 29. Bf5 Qb6 30. Ng6 Rc7 31. Rf1 Be7 32. Qxd5 Bg5 33. Be6 Qc6 34. Bxf7+ Rxf7 1/2-1/2

[Event "Heraklio op"]
[Site "Heraklion"]
[Date "2008.08.24"]
[Round "3"]
[White "Spirou, Eleftherios"]
[Black "Tsilidis, Alexandros"]
[Result "0-1"]
[WhiteElo "1663"]
[BlackElo "2306"]
[PlyCount "48"]
[EventDate "2008.08.23"]
[EventType "swiss"]
[EventRounds "9"]
[EventCountry "GRE"]
[SourceTitle "CBM 126 Extra"]
[Source "ChessBase"]
[SourceDate "2008.11.05"]
[SourceVersion "1"]
[SourceVersionDate "2008.11.05"]
[SourceQuality "1"]

1. e4 c5 2. c3 d6 3. d4 Nf6 4. dxc5 Nc6 5. Nd2 d5 6. Qc2 e5 7. b4 Be6 8. Ngf3 dxe4 9. Nxe4 Nxe4 10. Qxe4 Bd5 11. Qe3 Be7 12. Be2 0-0 13. 0-0 e4 14. Nd4 f5 15. Nxc6 bxc6 16. c4 f4 17. Qb3 Be6 18. Bb2 Qe8 19. Kh1 Qf7 20. Rfd1 f3 21. gxf3 exf3 22. Rg1 Bf6 23. Bd3 Rad8 24. Rg3 Bxb2 0-1

[Event "Heraklion Gazi op"]
[Site "Heraklion"]
[Date "2006.09.01"]
[Round "2"]
[White "Spirou, Eleftherios"]
[Black "Sandalakis, Angelos"]
[Result "0-1"]
[WhiteElo "1410"]
[BlackElo "2165"]
[PlyCount "70"]
[EventDate "2006.08.31"]
[EventType "swiss"]
[EventRounds "7"]
[EventCountry "GRE"]
[SourceTitle "EXT 2008"]
[Source "ChessBase"]
[SourceDate "2007.11.25"]
[SourceVersion "1"]
[SourceVersionDate "2007.11.25"]
[SourceQuality "1"]

1. e4 c5 2. Nf3 e6 3. d4 cxd4 4. Nxd4 a6 5. c4 Qc7 6. Be3 Nf6 7. f3 Bd6 8. Nc3 Bxh2 9. Qd2 Bg3+ 10. Bf2 Nc6 11. Nc2 Bxf2+ 12. Qxf2 Ne5 13. Ne3 Ng6 14. Bd3 0-0 15. 0-0 Nf4 16. Rad1 Nxd3 17. Rxd3 b6 18. f4 Bb7 19. e5 Ne4 20. Nxe4 Bxe4 21. Rd4 Bc6 22. Rd6 f6 23. Qg3 fxe5 24. fxe5 Rxf1+ 25. Kxf1 Rf8+ 26. Kg1 b5 27. Rd4 Rf7 28. Rg4 Qa5 29. cxb5 axb5 30. Qh4 Qc7 31. Qg3 Qa7 32. a3 Bf3 33. gxf3 Qxe3+ 34. Kg2 Qe2+ 35. Qf2 Qxe5 0-1

[Event "Heraklion Gazi op"]
[Site "Heraklion"]
[Date "2006.08.31"]
[Round "1"]
[White "Goula, Maria"]
[Black "Spirou, Eleftherios"]
[Result "0-1"]
[WhiteElo "1005"]
[BlackElo "1410"]
[PlyCount "118"]
[EventDate "2006.08.31"]
[EventType "swiss"]
[EventRounds "7"]
[EventCountry "GRE"]
[SourceTitle "EXT 2008"]
[Source "ChessBase"]
[SourceDate "2007.11.25"]
[SourceVersion "1"]
[SourceVersionDate "2007.11.25"]
[SourceQuality "1"]

1. e4 c6 2. d4 d5 3. Nc3 dxe4 4. Nxe4 Bf5 5. Nc5 b6 6. Nb3 e6 7. Nf3 Nd7 8. Bd3 Bxd3 9. Qxd3 Ngf6 10. 0-0 Be7 11. Re1 0-0 12. h3 Qc7 13. Be3 Rfd8 14. c3 Rac8 15. g3 c5 16. Qc4 Qb7 17. Ng5 cxd4 18. Qxd4 h6 19. Nxf7 Kxf7 20. Bf4 Qd5 21. Qxd5 Nxd5 22. Bd2 Bf6 23. Rac1 Nc5 24. Nxc5 bxc5 25. Kg2 c4 26. Red1 Rb8 27. Rc2 Rb7 28. Rb1 Rdb8 29. Kf3 a5 30. a4 Nb6 31. Bc1 Nxa4 32. b4 axb4 33. cxb4 Rxb4 34. Bf4 Rxb1 35. Bxb8 Rxb8 36. Rxc4 Nb2 37. Rc7+ Kg6 38. g4 Rb3+ 39. Kg2 Rc3 40. Rb7 Rc2 41. Rb6 Kf7 42. Kg3 Bd4 43. Rb3 Rc3+ 44. Rxc3 Bxc3 45. f4 Bd2 46. h4 Nd3 47. f5 exf5 48. gxf5 Ne5 49. Kf2 Kf6 50. Ke2 Bf4 51. Kf2 Kxf5 52. Kg2 Kg4 53. Kg1 Kxh4 54. Kg2 g5 55. Kg1 g4 56. Kg2 g3 57. Kg1 Kh3 58. Kf1 g2+ 59. Kg1 Be3# 0-1

[Event "GRE-chT 35th"]
[Site "Ermioni Argolidas"]
[Date "2006.07.10"]
[Round "9"]
[White "Spirou, Eleftherios"]
[Black "Tsangaris, Spyridon"]
[Result "1-0"]
[WhiteElo "1657"]
[BlackElo "1902"]
[PlyCount "89"]
[EventDate "2006.07.03"]
[EventType "team"]
[EventRounds "9"]
[EventCountry "GRE"]
[SourceTitle "CBM 113 Extra"]
[Source "ChessBase"]
[SourceDate "2006.09.14"]
[SourceVersion "1"]
[SourceVersionDate "2006.09.14"]
[SourceQuality "1"]

1. e4 e6 2. d4 b6 3. c4 Bb7 4. Nc3 d6 5. Bd3 g6 6. Nf3 Bg7 7. Be3 Ne7 8. 0-0 0-0 9. Qd2 Nd7 10. a3 Nc6 11. Bh6 e5 12. Bxg7 Kxg7 13. dxe5 Ndxe5 14. Be2 Nxf3+ 15. Bxf3 Re8 16. Rfe1 f6 17. Nd5 a5 18. b4 Ne5 19. Be2 Qd7 20. f4 Nc6 21. Bf3 Ra7 22. Qc3 Qf7 23. c5 dxc5 24. bxc5 b5 25. Rab1 Nd8 26. Rbd1 Ne6 27. c6 Bc8 28. e5 f5 29. Nf6 Re7 30. Bd5 Ra8 31. Rd2 Qf8 32. Bxe6 Bxe6 33. Red1 Rf7 34. Rd4 Rxf6 35. exf6+ Qxf6 36. Qc5 g5 37. fxg5 Qxg5 38. Qe5+ Qf6 39. Qxc7+ Kh6 40. Qf4+ Kg6 41. Rd6 Re8 42. c7 Qc3 43. Qg3+ Qxg3 44. hxg3 b4 45. Rxe6+ 1-0

[Event "Heraklion Gazi op"]
[Site "Heraklion"]
[Date "2005.10.01"]
[Round "6"]
[White "Spirou, Eleftherios"]
[Black "Fragiadakis, Nikolaos"]
[Result "1-0"]
[WhiteElo "1250"]
[BlackElo "1450"]
[PlyCount "105"]
[EventDate "2005.09.27"]
[EventType "swiss"]
[EventRounds "7"]
[EventCountry "GRE"]
[SourceTitle "EXT 2007"]
[Source "ChessBase"]
[SourceDate "2006.11.23"]
[SourceVersion "1"]
[SourceVersionDate "2006.11.23"]
[SourceQuality "1"]

1. e4 c5 2. Nf3 e6 3. Nc3 Nc6 4. d3 Be7 5. Be2 Bf6 6. Be3 Qb6 7. Qc1 Qa5 8. Bd2 Qd8 9. Be3 b6 10. Nb5 d6 11. Bf4 e5 12. Be3 h6 13. a4 Nge7 14. Nd2 Na5 15. Nc3 Bb7 16. 0-0 d5 17. exd5 Nxd5 18. Nxd5 Bxd5 19. Bf3 0-0 20. Bxd5 Qxd5 21. Ne4 Be7 22. f4 Nc6 23. f5 f6 24. Bxh6 gxh6 25. Qxh6 Qf7 26. Rf3 Qh7 27. Rg3+ Kh8 28. Qe3 Nd4 29. Rh3 Nxf5 30. Rxh7+ Kxh7 31. Qh3+ Nh6 32. Rf1 Rf7 33. Ng3 Rg8 34. Nf5 Bf8 35. Nxh6 Bxh6 36. Qf5+ Rg6 37. Rf3 Bg5 38. Qe6 Rfg7 39. Rh3+ Bh6 40. Qf5 Kh8 41. g3 Kh7 42. c3 Rf7 43. Rh4 Kg7 44. Kg2 Rg5 45. Rg4 Rxg4 46. Qxg4+ Kh8 47. Qg6 Rf8 48. Qxh6+ Kg8 49. Qg6+ Kh8 50. Qf5 Kg7 51. h4 Kh6 52. Kf3 Rf7 53. Ke4 1-0